[Event "IBCA-ol blind 15th"]
[Site "Ohrid"]
[Date "2017.06.23"]
[Round "5.1"]
[White "Yildirim, Cagri Seyfettin"]
[Black "Pribeanu, Mihai Dacian"]
[Result "0-1"]
[WhiteElo "1554"]
[BlackElo "2126"]
[PlyCount "56"]
[EventDate "2017.06.19"]
[EventType "team-swiss"]
[EventRounds "9"]
[EventCountry "MKD"]
[SourceTitle "CBM 179 Extra"]
[Source "ChessBase"]
[SourceDate "2017.08.23"]
[SourceVersion "1"]
[SourceVersionDate "2017.08.23"]
[SourceQuality "1"]
[WhiteTeam "Turkey"]
[BlackTeam "Romania"]
[WhiteTeamCountry "TUR"]
[BlackTeamCountry "ROU"]

1. e4 c6 2. Nc3 d5 3. Nf3 dxe4 4. Nxe4 Nf6 5. Qe2 Nxe4 6. Qxe4 Nd7 7. d4 Nf6 8. Qd3 e6 9. Be2 Be7 10. 0-0 0-0 11. Re1 b6 12. Ne5 Bb7 13. Bf3 Qc7 14. Bf4 Bd6 15. c4 Rfd8 16. Rad1 Nd7 17. Qe3 Nxe5 18. dxe5 Be7 19. Rd6 Bxd6 20. exd6 Rxd6 21. Qe5 Rad8 22. c5 bxc5 23. Qxc5 f6 24. Qh5 Ba6 25. Qc5 e5 26. Be3 Rd5 27. Bxd5+ Rxd5 28. Qc1 Qd7 0-1